00597nam a2200157 450000100060000000300090000600500170001500700030003200800410003510000420007624501690011826000640028730000210035160000310037285200360040385236ES-MaACL20230906175214.0t|041126s1931 sp |||| | spa d1 aJiménez de Asúa, Luis,d1889-197010aDefensa de una rebelión b: informe ante el Consejo Supremo del Ejército y Marina, como mandatario de D. Santiago Casares Quiroga / cLuis Jiménez de Asúa. aMadrid : bJavier Morata, c1931 (fSuc. de F. Peña Cruz) a99 p. ; c17 cm.14aCasares Quiroga, Santiago. aES-MaACLjF-13675 z. - rúst.